The gallic muse
Zapisane w:
| 1. autor: | |
|---|---|
| Format: | Książka |
| Język: | angielski |
| Wydane: |
Nueva York
Barnes and Company
1969
|
| Hasła przedmiotowe: | |
| Etykiety: |
Dodaj etykietę
Nie ma etykietki, Dołącz pierwszą etykiete!
|
MARC
| LEADER | 00000nam a2200000 a 4500 | ||
|---|---|---|---|
| 001 | UCN3268 | ||
| 003 | CL-VaPUC | ||
| 008 | 010622e19690000US |||||||||||||||||eng|d | ||
| 082 | 0 | 4 | |a 780.944 |b DAV |2 21 |
| 100 | 0 | |a Davies, Laurence |e author |9 459751 | |
| 245 | 1 | 4 | |a The gallic muse |
| 300 | |a 230 p | ||
| 942 | |c BK | ||
| 945 | |d 20010622 00:00:00 |a crobeson | ||
| 260 | |a Nueva York |b Barnes and Company |c 1969 | ||
| 600 | 0 | |a Fauré, Gabriel Urbain |9 306664 | |
| 600 | 0 | 7 | |a DUPARC, HENRI |2 CL-VaPUC |9 459752 |
| 600 | 0 | |a Debussy, Claude |9 267200 | |
| 600 | 0 | 7 | |a RAVEL, MAURICE |2 CL-VaPUC |9 459753 |
| 600 | 0 | 7 | |a SATIE, ERIK |2 CL-VaPUC |9 457918 |
| 600 | 0 | 7 | |a POULENC, FRANCIS |2 CL-VaPUC |9 459754 |
| 650 | 0 | |a Música francesa |9 306438 | |
| 650 | 0 | |a Músicos franceses |9 441944 | |
| 650 | 0 | |a Compositores franceses |9 328980 | |
| 583 | |a last modification |c 20010622 00:00:00 |k Rodrigo Vera | ||
| 999 | |c 296193 |d 296191 | ||
| 952 | |0 0 |1 0 |4 0 |6 780_944000000000000_DAV_1969 |7 0 |8 A |9 349813 |a BIBEDU |b BIBEDU |d 2019-11-20 |i 1187899 |o 780.944 DAV 1969 |p 1187899 |r 2023-01-12 |w 2019-11-20 |y BK |k MUS | ||